000 00981nac a22002777a 4500
001 BR8103439
003 BR-BrBNA
005 20240105115006.0
008 230509b bl.|||m| |||| 00| 0 por d
040 _aBR-BrBNA
_bpor
_cBiblioteca Nacional de Agricultura
072 _aE15; L00
090 _a9410 BR8103439
110 1 _aCooperativa Central dos Produtores Rurais de Minas Gerais Ltda., Belo Horizonte (Brasil)
_92832
245 1 _aRelatorio anual 1980 [Cooperativa Central dos Produtores Rurais de Minas Gerais; Leite; Analise economica; Brasil]
260 3 _aBelo Horizonte, MG (Brasil):
_c1981.
300 _a26 p.
490 _aRelatorio - Cooperativa Central dos Produtores Rurais de Minas Gerais Ltda. (Brazil)
_v
_x
650 _aMicroeconomia
650 _aProducao animal
650 _aLeite
650 _aCooperativa
650 _aAnalise economica
650 _aMinas Gerais
909 _a202312
_bLúcia Elande
_c55
_dLúcia Elande
942 _2AGRIS
_n0
_cMS
999 _c272439
_d272439